[Event "Berdsk Maestro op 15th"]
[Site "Berdsk"]
[Date "2009.07.08"]
[Round "1"]
[White "Zikunov, B."]
[Black "Koveshnikova, Daria"]
[Result "1-0"]
[WhiteElo "2227"]
[BlackElo "1994"]
[PlyCount "125"]
[EventDate "2009.07.08"]
[EventType "swiss"]
[EventRounds "9"]
[EventCountry "RUS"]
[SourceTitle "EXT 2022"]
[Source "ChessBase"]
[SourceDate "2021.10.06"]
[SourceVersion "1"]
[SourceVersionDate "2021.10.06"]
[SourceQuality "1"]

1. e4 c5 2. Nc3 Nc6 3. Bb5 g6 4. Bxc6 dxc6 5. f4 Bg7 6. d3 Nf6 7. Nf3 0-0 8. 0-0 Bg4 9. h3 Bxf3 10. Qxf3 c4 11. e5 Ne8 12. dxc4 Qd4+ 13. Kh1 Qxc4 14. b3 Qe6 15. Ba3 f6 16. exf6 Bxf6 17. Rae1 Qd7 18. Ne4 Rf7 19. Nxf6+ Nxf6 20. Bb2 Qd2 21. Re2 Qa5 22. c4 Rd8 23. Rfe1 Rd7 24. Re5 Qd2 25. R5e2 Qa5 26. Kh2 Nh5 27. g3 Rd2 28. Rxd2 Qxd2+ 29. Qe2 Qxe2+ 30. Rxe2 Kf8 31. Rd2 Ke8 32. Kg2 Ng7 33. Bd4 b6 34. a4 c5 35. Bxg7 Rxg7 36. Kf3 Rf7 37. Ke4 e6 38. Ke5 Ke7 39. g4 Rf8 40. Rd6 Rxf4 41. Rxe6+ Kd7 42. Rxb6 Rf3 43. Rb7+ Kc6 44. Rxh7 Rxb3 45. Rxa7 Rxh3 46. Ra6+ Kb7 47. Rxg6 Ra3 48. Kd5 Rxa4 49. Kxc5 Ra5+ 50. Kd4 Ra1 51. Kd5 Ra2 52. g5 Ra1 53. Rg7+ Kb6 54. c5+ Kb5 55. Rb7+ Ka6 56. Rb6+ Ka7 57. g6 Rg1 58. Ke5 Rg5+ 59. Kf6 Rxc5 60. Re6 Rc1 61. g7 Rf1+ 62. Ke7 Rg1 63. Kf7 1-0

[Event "Omsk Half CC op"]
[Site "Omsk"]
[Date "2009.??.??"]
[Round "3"]
[White "Zikunov, B."]
[Black "Toder, Alexander"]
[Result "1-0"]
[WhiteElo "2222"]
[BlackElo "2016"]
[PlyCount "85"]
[EventDate "2009.??.??"]
[EventType "swiss"]
[EventRounds "9"]
[EventCountry "RUS"]
[SourceTitle "EXT 2011"]
[Source "ChessBase"]
[SourceDate "2010.11.26"]
[SourceVersion "1"]
[SourceVersionDate "2010.11.26"]
[SourceQuality "1"]

1. e4 c5 2. Nc3 Nc6 3. Bb5 g6 4. Bxc6 bxc6 5. d3 d6 6. f4 Rb8 7. Nf3 Bg7 8. 0-0 Nf6 9. Qe1 0-0 10. b3 Ba6 11. Rb1 d5 12. e5 Ne8 13. Ba3 Rb4 14. Bxb4 cxb4 15. Na4 Qa5 16. Qf2 Bb5 17. Nc5 Nc7 18. a4 bxa3 19. b4 Qb6 20. Nd7 Qxf2+ 21. Kxf2 Rd8 22. Nc5 e6 23. Ra1 a5 24. Nb7 Rb8 25. Nxa5 Bf8 26. c4 dxc4 27. dxc4 Ba4 28. Rxa3 Rxb4 29. Ra2 Na6 30. Rfa1 Nc5 31. Ke3 Be7 32. Nd4 Bd8 33. Naxc6 Bxc6 34. Nxc6 Rb3+ 35. Ke2 Bb6 36. Ne7+ Kg7 37. Nc8 Ne4 38. Nxb6 Nc3+ 39. Kd2 Nxa2 40. Rxa2 Rxb6 41. c5 Rb4 42. c6 Rxf4 43. Kd3 1-0

[Event "Omsk op"]
[Site "Omsk"]
[Date "2008.12.06"]
[Round "6"]
[White "Zikunov, B."]
[Black "Dobronravov, Oleg"]
[Result "1/2-1/2"]
[WhiteElo "2228"]
[BlackElo "2110"]
[PlyCount "23"]
[EventDate "2008.11.23"]
[EventType "swiss"]
[EventRounds "9"]
[EventCountry "RUS"]
[SourceTitle "CBM 127 Extra"]
[Source "ChessBase"]
[SourceDate "2009.01.08"]
[SourceVersion "2"]
[SourceVersionDate "2009.01.28"]
[SourceQuality "1"]

1. e4 c5 2. Nc3 d6 3. f4 Nc6 4. Nf3 g6 5. Bc4 Bg7 6. 0-0 e6 7. d3 Nge7 8. Qe1 0-0 9. Bb3 Rb8 10. Qh4 Nd4 11. Be3 Nec6 12. Qxd8 1/2-1/2

[Event "Omsk op"]
[Site "Omsk"]
[Date "2008.12.04"]
[Round "5"]
[White "Pozdniakov, Vladimir"]
[Black "Zikunov, B."]
[Result "1/2-1/2"]
[WhiteElo "2251"]
[BlackElo "2228"]
[PlyCount "36"]
[EventDate "2008.11.23"]
[EventType "swiss"]
[EventRounds "9"]
[EventCountry "RUS"]
[SourceTitle "CBM 127 Extra"]
[Source "ChessBase"]
[SourceDate "2009.01.08"]
[SourceVersion "2"]
[SourceVersionDate "2009.01.28"]
[SourceQuality "1"]

1. Nf3 f5 2. g3 Nf6 3. Bg2 c6 4. c4 d6 5. 0-0 Qc7 6. d3 e5 7. b3 Na6 8. Bb2 Be7 9. a3 0-0 10. b4 Bd7 11. c5 Rae8 12. cxd6 Bxd6 13. Nbd2 b5 14. Rc1 Kh8 15. Qb3 Nb8 16. d4 Be6 17. Qc3 e4 18. Ne5 Nd5 1/2-1/2

[Event "Omsk op"]
[Site "Omsk"]
[Date "2008.11.30"]
[Round "4"]
[White "Zikunov, B."]
[Black "Tsalko, Vadim"]
[Result "1/2-1/2"]
[WhiteElo "2228"]
[BlackElo "1885"]
[PlyCount "86"]
[EventDate "2008.11.23"]
[EventType "swiss"]
[EventRounds "9"]
[EventCountry "RUS"]
[SourceTitle "CBM 127 Extra"]
[Source "ChessBase"]
[SourceDate "2009.01.08"]
[SourceVersion "2"]
[SourceVersionDate "2009.01.28"]
[SourceQuality "1"]

1. e4 e5 2. Nf3 Nc6 3. Bb5 f5 4. d4 Nxd4 5. Nxd4 exd4 6. Qxd4 c6 7. Bd3 fxe4 8. Qxe4+ Qe7 9. Nc3 Nf6 10. Qxe7+ Bxe7 11. 0-0 0-0 12. h3 d5 13. Ne2 Nh5 14. c3 Bc5 15. Be3 Bxe3 16. fxe3 Bd7 17. Rxf8+ Rxf8 18. Rf1 Rxf1+ 19. Kxf1 Nf6 20. b4 Kf7 21. Kf2 g6 22. Nd4 Ke7 23. Kf3 Kd6 24. Kf4 b6 25. Nb3 c5 26. bxc5+ bxc5 27. Nd2 Be6 28. a3 Nd7 29. Kg5 Ne5 30. Be2 h5 31. Nf3 Bf5 32. Kf4 Nd3+ 33. Bxd3 Bxd3 34. h4 Be4 35. Ne5 Ke6 36. Nc6 a6 37. g3 Kd6 38. Ne5 Ke6 39. g4 Bc2 40. Nf3 hxg4 41. Ng5+ Kf6 42. Kxg4 Ke5 43. Kf3 d4 1/2-1/2

[Event "Omsk-ch sf op"]
[Site "Omsk"]
[Date "2007.12.07"]
[Round "6"]
[White "Skokov, Boris"]
[Black "Zikunov, B."]
[Result "1/2-1/2"]
[WhiteElo "2034"]
[BlackElo "2224"]
[PlyCount "39"]
[EventDate "2007.12.01"]
[EventType "swiss"]
[EventRounds "9"]
[EventCountry "RUS"]
[SourceTitle "EXT 2022"]
[Source "ChessBase"]
[SourceDate "2021.10.06"]
[SourceVersion "1"]
[SourceVersionDate "2021.10.06"]
[SourceQuality "1"]

1. e4 e5 2. Nf3 Nc6 3. Bb5 a6 4. Bxc6 dxc6 5. 0-0 Bg4 6. h3 h5 7. d3 Qf6 8. Be3 Bxf3 9. Qxf3 Qxf3 10. gxf3 Bd6 11. Nd2 Ne7 12. Rfb1 Ng6 13. Kf1 Nf8 14. c3 Ne6 15. b4 0-0-0 16. Ke2 g6 17. Rg1 Rhg8 18. Nc4 f6 19. a3 g5 20. Rad1 1/2-1/2

[Event "Omsk-ch sf op"]
[Site "Omsk"]
[Date "2007.12.04"]
[Round "3"]
[White "Zikunov, B."]
[Black "Ermoshenko, Vitaly"]
[Result "1-0"]
[WhiteElo "2224"]
[BlackElo "1950"]
[PlyCount "45"]
[EventDate "2007.12.01"]
[EventType "swiss"]
[EventRounds "9"]
[EventCountry "RUS"]
[SourceTitle "EXT 2022"]
[Source "ChessBase"]
[SourceDate "2021.10.06"]
[SourceVersion "1"]
[SourceVersionDate "2021.10.06"]
[SourceQuality "1"]

1. e4 c5 2. Nc3 e6 3. d3 g6 4. Nf3 Bg7 5. Be3 b6 6. Qd2 Nc6 7. Be2 Nd4 8. Bxd4 cxd4 9. Nb5 e5 10. Qb4 Ba6 11. Nd6+ Kf8 12. Nf5+ Ne7 13. Nxg7 d6 14. Ne8 Nc8 15. Nxd6 Qxd6 16. Qxd6+ Nxd6 17. Nxe5 Re8 18. Nf3 Kg7 19. Nxd4 Nxe4 20. dxe4 Rxe4 21. f3 Rxe2+ 22. Nxe2 Re8 23. 0-0-0 1-0

[Event "Omsk-ch sf"]
[Site "Omsk"]
[Date "2006.12.10"]
[Round "6"]
[White "Vinichenko, Vladimir"]
[Black "Zikunov, B."]
[Result "1/2-1/2"]
[WhiteElo "2194"]
[BlackElo "2236"]
[PlyCount "36"]
[EventDate "2006.11.15"]
[EventType "swiss"]
[EventRounds "9"]
[EventCountry "RUS"]
[SourceTitle "EXT 2019"]
[Source "ChessBase"]
[SourceDate "2018.10.10"]
[SourceVersion "1"]
[SourceVersionDate "2018.10.10"]
[SourceQuality "1"]

1. d4 Nf6 2. Nf3 d6 3. g3 Bg4 4. Bg2 Qc8 5. h3 Bxf3 6. Bxf3 c6 7. Bg2 Nbd7 8. 0-0 d5 9. Nd2 e6 10. c4 Bb4 11. Qb3 Bxd2 12. Bxd2 0-0 13. Qd3 Re8 14. Rac1 Qd8 15. Rfd1 Nb6 16. b3 Qe7 17. e3 Rac8 18. Ba5 Nbd7 1/2-1/2